000 00248nam a22000857a 4500
008 161201b xxu||||| |||| 00| 0 eng d
100 _91638
_aKumar,K,etal
245 _aPrimary Interactions in english- Work book III
260 _aNew Delhi
_bFrank Bro.
_c2005
999 _c4352
_d4352